[Event "Vladimir op"]
[Site "Vladimir"]
[Date "2004.08.20"]
[Round "3"]
[White "Turkin, Viktor"]
[Black "Khismatullin, Denis Rimovich"]
[Result "0-1"]
[WhiteElo "2365"]
[BlackElo "2556"]
[PlyCount "146"]
[EventDate "2004.08.18"]
[EventType "swiss"]
[EventRounds "9"]
[EventCountry "RUS"]
[SourceTitle "EXT 2005"]
[Source "ChessBase"]
[SourceDate "2004.11.15"]
[SourceVersion "1"]
[SourceVersionDate "2004.11.15"]
[SourceQuality "1"]

1. e4 c5 2. Nf3 d6 3. Bb5+ Nd7 4. d4 Ngf6 5. Nc3 a6 6. Bxd7+ Nxd7 7. Be3 e6 8. dxc5 Nxc5 9. Bxc5 dxc5 10. Qxd8+ Kxd8 11. Ne5 Ke8 12. a4 Bd6 13. Nc4 Bc7 14. e5 Bd7 15. Ne4 Bc6 16. Ncd6+ Ke7 17. 0-0 Bxe4 18. Nxe4 Bxe5 19. Nxc5 Rac8 20. Nd3 Bb8 21. c3 Rhd8 22. Rfd1 Rc4 23. Kf1 Rd5 24. g3 Ra5 25. b4 Rf5 26. Nc5 Ba7 27. Rd7+ Kf6 28. Rxb7 Bxc5 29. bxc5 Rxc3 30. Ra2 Rcxc5 31. Ra7 a5 32. Rb2 Rc4 33. Ra2 g5 34. h3 h5 35. Kg2 Kg6 36. Ra8 Re5 37. Ra7 g4 38. h4 Rc1 39. f3 gxf3+ 40. Kxf3 Rc3+ 41. Kg2 Ree3 42. Rxa5 Rxg3+ 43. Kf2 Rh3 44. Rg5+ Kf6 45. a5 Rxh4 46. Rg2 Rhc4 47. a6 Rc8 48. a7 Ra8 49. Rg1 Rc7 50. Rga1 Kg5 51. Ke3 f5 52. Ra6 Re7 53. Rg1+ Kf6 54. Rga1 h4 55. Kf4 h3 56. Kg3 h2 57. Kxh2 Rg7 58. R1a3 f4 59. Rh3 Rgxa7 60. Rh6+ Kg5 61. Rxa7 Rxa7 62. Rxe6 Kg4 63. Rg6+ Kf3 64. Rg2 Re7 65. Rg8 Kf2 66. Rg2+ Kf3 67. Rg8 Re2+ 68. Kh1 Re1+ 69. Kh2 Kf2 70. Rg2+ Ke3 71. Rg8 f3 72. Re8+ Kf2 73. Ra8 Kf1 0-1

[Event "Voronezh op 8th"]
[Site "Voronezh"]
[Date "2004.06.20"]
[Round "9"]
[White "Bedia, Melor"]
[Black "Turkin, Viktor"]
[Result "1-0"]
[WhiteElo "2305"]
[BlackElo "2351"]
[PlyCount "51"]
[EventDate "2004.06.12"]
[EventType "swiss"]
[EventRounds "9"]
[EventCountry "RUS"]
[SourceTitle "EXT 2005"]
[Source "ChessBase"]
[SourceDate "2004.11.15"]
[SourceVersion "1"]
[SourceVersionDate "2004.11.15"]
[SourceQuality "1"]

1. d4 Nf6 2. c4 e6 3. Nf3 b6 4. g3 Bb7 5. Bg2 c6 6. 0-0 Be7 7. Nbd2 d5 8. b3 0-0 9. Bb2 Nbd7 10. Qc2 Rc8 11. e4 dxe4 12. Nxe4 Nxe4 13. Qxe4 Nf6 14. Qe2 c5 15. Rad1 Qc7 16. Rd3 cxd4 17. Nxd4 Bxg2 18. Kxg2 Rfe8 19. Rfd1 Rcd8 20. Qf3 h6 21. Nc6 Rxd3 22. Rxd3 Nd7 23. Rxd7 Qxd7 24. Ne5 Qd2 25. Qxf7+ Kh7 26. Qg6+ 1-0

[Event "Voronezh op 8th"]
[Site "Voronezh"]
[Date "2004.06.19"]
[Round "8"]
[White "Turkin, Viktor"]
[Black "Bobrov, Igor E"]
[Result "1-0"]
[WhiteElo "2351"]
[BlackElo "2318"]
[PlyCount "53"]
[EventDate "2004.06.12"]
[EventType "swiss"]
[EventRounds "9"]
[EventCountry "RUS"]
[SourceTitle "EXT 2005"]
[Source "ChessBase"]
[SourceDate "2004.11.15"]
[SourceVersion "1"]
[SourceVersionDate "2004.11.15"]
[SourceQuality "1"]

1. e4 c5 2. Nf3 Nc6 3. Bb5 Nf6 4. Nc3 Nd4 5. e5 Nxb5 6. Nxb5 Nd5 7. Ng5 Nc7 8. Qf3 f6 9. exf6 exf6 10. Qe4+ Ne6 11. Nxh7 Kf7 12. Nxf8 Qxf8 13. Qd5 Qe7 14. d3 Kg6 15. 0-0 a6 16. Nd6 Rh5 17. Qe4+ f5 18. Nxf5 Rxf5 19. g4 Qf7 20. gxf5+ Qxf5 21. Be3 d5 22. Qxf5+ Kxf5 23. f3 Bd7 24. Rae1 g5 25. Rf2 Bc6 26. Rfe2 Rf8 27. Bf2 1-0

[Event "RUS Central Region-ch"]
[Site "Tula"]
[Date "2004.03.20"]
[Round "7"]
[White "Airapetian, Gor"]
[Black "Turkin, Viktor"]
[Result "0-1"]
[WhiteElo "2178"]
[BlackElo "2351"]
[PlyCount "82"]
[EventDate "2004.03.14"]
[EventType "swiss"]
[EventRounds "9"]
[EventCountry "RUS"]
[SourceTitle "EXT 2005"]
[Source "ChessBase"]
[SourceDate "2004.11.15"]
[SourceVersion "1"]
[SourceVersionDate "2004.11.15"]
[SourceQuality "1"]

1. e4 c5 2. c3 e6 3. d4 d5 4. exd5 exd5 5. Nf3 Nc6 6. Be3 cxd4 7. Nxd4 Nf6 8. Be2 Bd6 9. 0-0 0-0 10. Nd2 Re8 11. N2f3 h6 12. h3 Ne4 13. Qa4 Ng3 14. Rfe1 Nxe2+ 15. Rxe2 Re4 16. Nxc6 Qe8 17. Ne7+ Qxe7 18. Qb5 Be6 19. Rae1 a6 20. Qd3 Re8 21. b3 Qd7 22. Nd2 Bxh3 23. Nxe4 dxe4 24. Qd4 Bxg2 25. f4 Bf3 26. Rh2 Qg4+ 27. Kf2 Bxf4 28. Rg1 Be5 29. Rxg4 Bxd4 30. Rg1 Bxe3+ 31. Kxe3 h5 32. Kf4 f6 33. Rd2 Bg4 34. Rd6 Kf7 35. Re1 g5+ 36. Ke3 Re7 37. c4 Bf3 38. Rd5 h4 39. c5 Kg6 40. b4 h3 41. Rd2 f5 0-1

[Event "RUS Central Region-ch"]
[Site "Tula"]
[Date "2004.03.15"]
[Round "2"]
[White "Turkin, Viktor"]
[Black "Kornev, Alexei"]
[Result "1/2-1/2"]
[WhiteElo "2351"]
[BlackElo "2582"]
[PlyCount "100"]
[EventDate "2004.03.14"]
[EventType "swiss"]
[EventRounds "9"]
[EventCountry "RUS"]
[SourceTitle "EXT 2005"]
[Source "ChessBase"]
[SourceDate "2004.11.15"]
[SourceVersion "1"]
[SourceVersionDate "2004.11.15"]
[SourceQuality "1"]

1. e4 c6 2. d4 d5 3. Nd2 dxe4 4. Nxe4 Bf5 5. Ng3 Bg6 6. Nf3 Nd7 7. h4 h6 8. h5 Bh7 9. Bd3 Bxd3 10. Qxd3 Ngf6 11. Bf4 Qa5+ 12. Bd2 Qa4 13. 0-0 e6 14. b3 Qa3 15. Ne5 Be7 16. f4 0-0 17. Nxd7 Nxd7 18. f5 e5 19. Ne4 Nf6 20. dxe5 Rfd8 21. Nxf6+ Bxf6 22. Qc3 Bxe5 23. Qxe5 Rxd2 24. Qc3 Qd6 25. Rae1 Qd5 26. Rf3 Rd1 27. Rxd1 Qxd1+ 28. Kh2 Re8 29. f6 Qd5 30. fxg7 Qxh5+ 31. Rh3 Qg5 32. Rg3 Qh4+ 33. Kg1 Rd8 34. Qf3 Rd1+ 35. Qxd1 Qxg3 36. Qd8+ Kxg7 37. Qd4+ Kg6 38. Qxa7 Qe1+ 39. Kh2 Qe5+ 40. Kg1 Qe1+ 41. Kh2 Qh4+ 42. Kg1 Qb4 43. a4 h5 44. Qe3 Qg4 45. Qd3+ Kg7 46. c3 f6 47. b4 h4 48. a5 Qf4 49. Qd7+ Kg6 50. Qxb7 Qe3+ 1/2-1/2